000 00426nam a2200181Ia 4500
005 20240823041526.0
008 240823s9999||||xx |||||||||||||| ||und||
041 _aENGLISH
082 _A193 P7
100 _aPerumalsamy R
245 0 _aJohn Updikes Couples: A Critique
250 _a1st
260 _c2007
_bAnandaprabha Publica
500 _aTRANSFERED
650 _aGeneral
_bGeneral
942 _cBK
999 _c205708
_d205708